One Piece - Personnages aux Cheveux Blancs - Statistiques

Statistiques générales
  • Ce quiz a été pris 128 fois
  • Le résultat moyen est 9 sur 10
Statistiques - réponses
Indice Personnage % Correct
Le « Héros de la Marine » Monkey D. Garp
97%
Le bras droit du Roi des Pirates Silvers Rayleigh
96%
Le Colonel de la Marine présent à Loguetown Smoker
94%
Le créateur des Pacifista Vegapunk
94%
La fille de « La Plus Puissante Créature du Monde » Yamato
94%
L'Amiral en Chef de la Marine avant Sakazuki Sengoku
89%
Le dernier vivant de son espèce Alber
82%
L'utilisatrice du Woshu Woshu no Mi - Fruit du Lavage Tsuru
71%
La 14ème fille et 35ème enfant de Charlotte Linlin Charlotte Smoothie
70%
La mère d'un membre de l'équipage du Chapeau de Paille Nico Olvia
64%
Aucun quiz correspondant
Distribution des résultats
% des personnes avec chaque résultat
Percentile par nombre de réponses
Votre historique - résultats
Vous n’avez pas pris ce quiz